00632nam a2200169 4500001000700000003000900007005001700016007000300033008004100036100002800077245011400105260004400219300002600263852003200289999001900321952012200340109746ES-MaACL20230906184913.0t|061121s1971 sp r ||||1| spa d1 aMuñiz, Isabel.98426313aLa leyenda de los Sietes infantes de Lara b: ( según la Crónica General de España) / cIsabel Muñiz. aBurgos : bEl Monte de Carmelo, c1971. aIV, 198 p. ; c22 cm. aES-MaACLjC-40932 bR.79573 c109746d109746 00104070aATENEOMbATENEOMcDEPO2d2008-01-17eSCl0oC-40932p1114507r2023-02-23 00:00:00w2023-02-23yMONOGRAFIA